Využitie CA technológií v podmienkach spoločnosti CNC frézovanie s.r.o. Bratislava

Salvato in:
Dettagli Bibliografici
Autore principale: Kováč, Milan (Autore)
Altri autori: Peterka, Jozef (Relatore della tesi)
Natura: Manoscritto Libro
Lingua:slovacco
Pubblicazione: 2020
Soggetti:
Accesso online:http://is.stuba.sk/zp/portal_zp.pl?podrobnosti=151770
Tags: Aggiungi Tag
Nessun Tag, puoi essere il primo ad aggiungerne!!

MARC

LEADER 00000ntm a22000003a 4500
001 stuzp78753
003 SK-STU
005 20200704212315.6
007 ta
008 150427s2015----xo-----f-mn---000-0-slo-d
040 |a STU  |b slo 
041 0 |a slo 
100 1 |a Kováč, Milan  |u 063000  |k Z4  |4 aut  |U MTF Materiálovotechnologická fakulta  |T MTF Ústav výrobných technológií  |X 73545  |U M3000  |Y 83  |7 73545 
242 0 1 |a Use of CA technologies in the conditions of CNC milling s.r.o. Bratislava  |y eng 
245 1 0 |a Využitie CA technológií v podmienkach spoločnosti CNC frézovanie s.r.o. Bratislava 
260 |c 2020 
650 4 |a CA  |2 slo 
650 4 |a CAD  |2 slo 
650 4 |a CAM  |2 slo 
650 4 |a tvarové plochy  |2 slo 
650 4 |a viacosé frézovanie  |2 slo 
650 4 |a Edgecam  |2 slo 
650 4 |a SolidWorks  |2 slo 
650 4 |a CAD  |2 eng 
650 4 |a CAM  |2 eng 
650 4 |a shaped surfaces  |2 eng 
650 4 |a Edgecam  |2 eng 
650 4 |a SolidWorks  |2 eng 
650 4 |a CA  |2 eng 
650 4 |a multi-axis milling  |2 eng 
700 1 |a Peterka, Jozef  |u 063200  |k Z1  |4 ths  |U MTF Ústav výrobných technológií  |T MTF Katedra obrábania a počítačovej podpory technológií  |X 278  |U M3200  |Y 164  |7 A000000278 
856 4 |u http://is.stuba.sk/zp/portal_zp.pl?podrobnosti=151770 
996 |c M* DP-14289  |l MMSKP  |s P  |a 0  |w stuzp78753_0001